MARC

LEADER 00000nam0a2200000 4500
001 349661
005 20260423172941.0
035 |a (RuTPU)RU\TPU\retro\2414 
090 |a 349661 
100 |a 20180801d1931 km y0rusy50 ca 
101 0 |a rus 
102 |a RU 
105 |a y z 000zb 
200 1 |a Об изучении произведений Ленина  |f В. Адоратский  |g Институт Ленина 
205 |a 2-е изд. 
210 |a Ленинград  |c Соцэкгиз  |d 1931 
215 |a 22 с. 
316 |5 63413507: КР-5636  |a На обложке владельческая подпись: "Бутаков" 
317 |5 63413507: КР-5636  |a Поступил в НТБ в 1970 г. в составе книжного собрания профессора ТПИ И. Н. Бутакова 
600 1 |a Ленин  |b В. И.  |c настоящая фамилия Ульянов  |c российский политический деятель  |f 1870-1924  |g Владимир Ильич  |2 stltpush  |3 (RuTPU)RU\TPU\pers\1074  |9 486 
606 |a Ленин В. И.  |j Материалы о произведениях  |9 89212 
610 1 |a отдельные произведения 
610 1 |a изучение 
610 1 |a сочинения 
610 1 |a преподавание 
610 1 |a библиотека И. Н. Бутакова 
686 |a Т3(2)6-8Ленин195  |2 rubbk 
700 1 |a Адоратский  |b В. 
712 0 2 |a Институт Маркса - Энгельса - Ленина (ИМЭЛ)  |c (Москва)  |c (1931-1953)  |3 (RuTPU)RU\TPU\col\18490 
801 1 |a RU  |b 63413507  |c 20180801 
801 2 |a RU  |b 63413507  |c 20181227  |g RCR 
942 |c BK